000
00268nam a22001217a 4500
008
181105b xxu||||| |||| 00| 0 eng d
041
_a
eng
080
_a
610
100
_a
3
101
_a
SHM
245
_a
Hndbook Of Medical Physics
_c
Robert.G.W
942
_2
udc
_c
BK
999
_c
51851
_d
51851